Real Madrid CF Squad 2006-2007 - Statistics

General Stats
  • This quiz has been taken 124 times
  • The average score is 15 of 27
Answer Stats
# Position Nation Player % Correct
1 GK Spain Iker Casillas
96%
9 FW Brazil Ronaldo Nazário
94%
4 DF Spain Sergio Ramos
94%
7 FW Spain Raúl González
87%
3 DF Brazil Roberto Carlos
85%
23 MF England David Beckham
84%
5 DF Italy Fabio Cannavaro
80%
12 DF Brazil Marcelo Vieira
78%
6 MF Mali Mahamadou Diarra
72%
10 FW Brazil Robinho
71%
17 FW Netherlands Ruud van Nistelrooy
71%
2 DF Spain Míchel Salgado
70%
14 MF Spain Guti
60%
20 FW Argentina Gonzalo Higuaín
57%
- Coach Italy Fabio Capello
52%
16 MF Argentina Fernando Gago
51%
18 FW Italy Antonio Cassano
50%
21 DF Spain Iván Helguera
41%
13 GK Spain Diego López
35%
11 DF Brazil Cicinho
30%
8 MF Brazil Émerson
29%
15 DF Spain Raúl Bravo
24%
19 FW Spain José Antonio Reyes
22%
22 DF Spain Francisco Pavón
18%
27 MF Spain Rubén de la Red
13%
24 DF Spain Álvaro Mejía
7%
25 DF Spain Óscar Miñambres
4%
No matching quizzes found
Score Distribution
Percent of People with Each Score
Percentile by Number Answered
Your Score History
You have not taken this quiz